000 00285nam a2200109Ia 4500
008 221030s9999 xx 000 0 und d
245 0 _aInvestment Option of Reliance Securities Ltd.
260 _bReliance Securities
_aMumbai
_c2014
300 _a46
650 _aManagement
942 _cTH
999 _c16536
_d16536